Range Life - Pavement (Full Lyrics) - Statistics

General Stats
  • This quiz has been taken 32 times
    29 since last reset
  • The average score is 210 of 282
Answer Stats
Answer % Correct
a
100%
on
100%
Pumpkins
100%
Smashing
100%
the
100%
The
100%
they
100%
could
93%
do
93%
down
93%
I
93%
if
93%
If
93%
life
93%
me
93%
Nature
93%
no
93%
range
93%
settle
93%
then
93%
to
93%
want
93%
you
93%
and
87%
And
87%
Don't
87%
don't
87%
fuck
87%
kids
87%
out
87%
Out
87%
would
87%
bachelors
80%
elegant
80%
foxy
80%
function
80%
give
80%
have
80%
Pilots
80%
Stone
80%
Temple
80%
tour
80%
what
80%
with
80%
are
73%
be
73%
but
73%
got
73%
is
73%
it
73%
never
73%
really
73%
they're
73%
They're
73%
understand
73%
before
67%
dues
67%
mean
67%
one
67%
or
67%
pay
67%
rent
67%
skateboard
67%
will
67%
your
67%
After
60%
cops
60%
fuzz
60%
gotta
60%
heat
60%
humming
60%
I'll
60%
it's
60%
It's
60%
just
60%
my
60%
night
60%
stage
60%
there's
60%
There's
60%
absolutely
53%
agree
53%
can
53%
dream
53%
from
53%
Hey
53%
I'm
53%
in
53%
Run
53%
up
53%
blame
47%
complete
47%
Dreaming
47%
free
47%
glow
47%
myself
47%
Nothing
47%
pigs
47%
scene
47%
slow
47%
talk
47%
thing
47%
traffic
47%
walkman
47%
all
40%
becomes
40%
feel
40%
forget
40%
gloves
40%
gum
40%
hurry
40%
living
40%
Over
40%
Pass
40%
right
40%
shoot
40%
snort
40%
this
40%
way
40%
we're
40%
worry
40%
wrong
40%
crime
33%
did
33%
expect
33%
fades
33%
let
33%
more
33%
School's
33%
smack
33%
than
33%
turnstiles
33%
you're
33%
gonna
27%
of
27%
wanna
27%
ways
27%
deserve
20%
follow
20%
Until
20%
Well
20%
pulse
13%
sad
13%
wouldn't
13%
Yeah
7%
No matching quizzes found
Score Distribution
Percent of People with Each Score
Percentile by Number Answered
Your Score History
You have not taken this quiz since the last reset